000 00301nam a22001337a 4500
008 170927b xxu||||| |||| 00| 0 eng d
020 _a9780312390198
041 _aeng
080 _26 ED
_a37
100 _a47
101 _aEDU
245 _aA WORLD OF IDEAS
_cJACOBUS.L.A
942 _2udc
_cBK
999 _c30307
_d30307